| 000 | 00726nam a2200205Ii 4500 | ||
|---|---|---|---|
| 003 | JO-AjNU | ||
| 008 | 230605s9999||||xx |||||||||||||| ||und|| | ||
| 040 |
_aJO-AjNU _bara _erda _cJO-AjNU |
||
| 041 | _aara | ||
| 050 | 1 | 4 | _aDK286.M3612 1991 |
| 100 | 3 |
_aماندل، ارنست؛ ترجمة داغر،كميل, _eauthor _99418 |
|
| 245 | 0 | 0 | _aالإتحاد السوفييتي الى اين في ظل غورباتشوف |
| 250 | _aط1 | ||
| 264 | 3 | 1 | _aبيروت: دار الفارابي، 1991 |
| 300 | _a456ص | ||
| 336 |
_atext _btxt _2rdacontent |
||
| 337 |
_aunmediated _bn _2rdamedia |
||
| 338 |
_avolume _bnc _2rdacarrier |
||
| 650 | 4 |
_aالاتحاد السوفييتي- التاريخ-القرن العشرين _99419 |
|
| 999 |
_aA1291 _c4859 _d4859 |
||